| 000 | 00495ngm a2200193 4500 | ||
|---|---|---|---|
| 005 | 20170313091900.0 | ||
| 006 | a|||||r|||| 00| | | ||
| 008 | 160218b xxu||||| |||| 00| 0 spa d | ||
| 041 | _aspa | ||
| 082 | _a93 DVD | ||
| 245 | _aParque Nacional Corcovado | ||
| 260 |
_aCosta Rica _bMertec _c1998 |
||
| 300 | _a51 minutos | ||
| 650 |
_aPARQUE NACIONAL CORCOVADO _917550 |
||
| 650 |
_aBIODIVERSIDAD _91061 |
||
| 650 |
_aPACĂFICO SUR _934927 |
||
| 650 |
_aPUNTARENAS _91062 |
||
| 942 | _cDVD | ||
| 999 |
_c8954 _d8954 |
||